L'Indochine à travers les textes
Dans le titre "L'Indochine à travers les textes", Indochine désigne l'Indochine francaise qui comprenait le Cambodge, le Laos et les trois parties du Vietnam (appelées par les Francais: Tonkin, Annam et Cochinchine). Géographiquement, Indochine a un sens plus large. Elle dés...
保存先:
| フォーマット: | 図書 |
|---|---|
| 言語: | Undetermined |
| 出版事項: |
Hà Nội
Thế giới
1997
|
| 主題: | |
| タグ: |
タグ追加
タグなし, このレコードへの初めてのタグを付けませんか!
|
| Thư viện lưu trữ: | Trung tâm Học liệu Trường Đại học Cần Thơ |
|---|
| LEADER | 00994nam a2200217Ia 4500 | ||
|---|---|---|---|
| 001 | CTU_39495 | ||
| 008 | 210402s9999 xx 000 0 und d | ||
| 020 | |b 104.800đ | ||
| 020 | |c 104800 | ||
| 082 | |a 843 | ||
| 082 | |b I.41 | ||
| 245 | 0 | |a L'Indochine à travers les textes | |
| 245 | 0 | |c Margueritte Triaire ... [et al.] | |
| 260 | |a Hà Nội | ||
| 260 | |b Thế giới | ||
| 260 | |c 1997 | ||
| 520 | |a Dans le titre "L'Indochine à travers les textes", Indochine désigne l'Indochine francaise qui comprenait le Cambodge, le Laos et les trois parties du Vietnam (appelées par les Francais: Tonkin, Annam et Cochinchine). Géographiquement, Indochine a un sens plus large. Elle désigne la péninsule du Sud-Est Asiatique qui comprend le Myanmar, le Laos, la Thailande, le Cambodge, le Vietnam et la partie orientale de la Malaysia. | ||
| 650 | |a French literature | ||
| 650 | |y 20th century | ||
| 904 | |i Minh | ||
| 980 | |a Trung tâm Học liệu Trường Đại học Cần Thơ | ||